The Crofting Community Body (Prescribed Form of Application and Notice) (Scotland) Regulations 2009 (Record no. 109801)
[ view plain ]
| 000 -LEADER | |
|---|---|
| fixed length control field | 01330cad a22002535a 4500 |
| 001 - CONTROL NUMBER | |
| control field | E147935 |
| 008 - FIXED-LENGTH DATA ELEMENTS--GENERAL INFORMATION | |
| fixed length control field | 090702s2009 xxk f l s000 0 eng d |
| 035 ## - SYSTEM CONTROL NUMBER | |
| System control number | (Sirsi) u147935 |
| 041 0# - LANGUAGE CODE | |
| Language code of text/sound track or separate title | eng |
| 110 2# - MAIN ENTRY--CORPORATE NAME | |
| Corporate name or jurisdiction name as entry element | Scotland |
| Form subheading | Laws, etc |
| 245 04 - TITLE STATEMENT | |
| Title | The Crofting Community Body (Prescribed Form of Application and Notice) (Scotland) Regulations 2009 |
| Medium | [electronic resource] |
| 260 ## - PUBLICATION, DISTRIBUTION, ETC. | |
| Place of publication, distribution, etc. | Edinburgh |
| Name of publisher, distributor, etc. | Scottish Government |
| Date of publication, distribution, etc. | 2009 |
| 490 #0 - SERIES STATEMENT | |
| Series statement | Scottish Statutory Instrument |
| Volume/sequential designation | 2009: 160 |
| 520 ## - SUMMARY, ETC. | |
| Summary, etc. | Revoke the Crofting Community Body Form of Application for Consent to Buy Croft Land etc. and Notice of Ministers' Decision (Scotland) Regulations 2004, and set out the form of application to be used by a crofting community body under the Land Reform (Scotland) Act 2003 S73(2), as well as the form of the notice issued by Ministers under S82. |
| 520 ## - SUMMARY, ETC. | |
| Summary, etc. | Comes into force 15 June 2009. |
| 521 ## - TARGET AUDIENCE NOTE | |
| Target audience note | Advanced |
| 590 ## - LOCAL NOTE (RLIN) | |
| Local note | KA |
| 650 24 - SUBJECT ADDED ENTRY--TOPICAL TERM | |
| Topical term or geographic name entry element | LAND REFORM (SCOTLAND) ACT 2003 |
| 650 24 - SUBJECT ADDED ENTRY--TOPICAL TERM | |
| Topical term or geographic name entry element | CROFTING COMMUNITY BODY (PRESCRIBED FORM OF APPLICATION AND NOTICE) (SCOTLAND) REGULATIONS 2009 |
| 651 #4 - SUBJECT ADDED ENTRY--GEOGRAPHIC NAME | |
| Geographic name | Scotland |
| Chronological subdivision | 1999- |
| 690 ## - LOCAL SUBJECT ADDED ENTRY--TOPICAL TERM (OCLC, RLIN) | |
| Topical term or geographic name as entry element | Planning and development |
| 9 (RLIN) | 6259 |
| 856 40 - ELECTRONIC LOCATION AND ACCESS | |
| Uniform Resource Identifier | <a href="https://www.opsi.gov.uk/legislation/scotland/ssi2009/ssi_20090160_en_1">https://www.opsi.gov.uk/legislation/scotland/ssi2009/ssi_20090160_en_1</a> |
| Public note | View the statutory instrument free of charge at www.opsi.gov.uk... |
| 942 ## - ADDED ENTRY ELEMENTS (KOHA) | |
| Suppress in OPAC | 0 |
| Withdrawn status | Lost status | Source of classification or shelving scheme | Damaged status | Not for loan | Home library | Current library | Shelving location | Date acquired | Total Checkouts | Full call number | Barcode | Date last seen | Copy number | Price effective from | Koha item type |
|---|---|---|---|---|---|---|---|---|---|---|---|---|---|---|---|
| Dewey Decimal Classification | Virtual | Virtual | Online | 02/07/2009 | ONLINE PUBLICATION | 147935-2001 | 06/08/2019 | 1 | 06/08/2019 | Book |